[Event "World Prestigious University 2019"]
[Site "Tianjin"]
[Date "2019.11.29"]
[Round "10.5"]
[White "Hirao, Satoshi"]
[Black "Mihov, Filip"]
[Result "0-1"]
[WhiteElo "1958"]
[BlackElo "2191"]
[PlyCount "114"]
[EventDate "2019.11.26"]
[EventType "team-tourn"]
[EventCountry "CHN"]
[TimeControl "1500+10"]
[WhiteClock "0:01:10"]
[BlackClock "0:00:22"]

1. e4 {[%emt 0:00:00]} c5 {[%emt 0:00:00]} 2. Nf3 {[%emt 0:00:00]} e6 {[%emt 0:00:00]} 3. d4 {[%emt 0:00:00]} cxd4 {[%emt 0:00:04]} 4. Nxd4 {[%emt 0:00:00]} Nf6 {[%emt 0:00:11]} 5. Nc3 {[%emt 0:00:10]} Qb6 {[%emt 0:00:12]} 6. a3 {[%emt 0:02:44]} Nc6 {[%emt 0:03:07]} 7. Be3 {[%emt 0:00:52]} Ng4 {[%emt 0:02:18]} 8. Na4 {[%emt 0:01:59]} Qa5+ {[%emt 0:00:37]} 9. b4 {[%emt 0:01:04]} Nxe3 {[%emt 0:00:32]} 10. bxa5 {[%emt 0:00:01]} Nxd1 {[%emt 0:00:02]} 11. Nb5 {[%emt 0:00:48]} Kd8 {[%emt 0:03:57]} 12. Rxd1 {[%emt 0:00:12]} Nxa5 {[%emt 0:00:49]} 13. e5 {[%emt 0:03:28]} b6 {[%emt 0:00:47]} 14. Be2 {[%emt 0:01:35]} Bb7 {[%emt 0:03:08]} 15. O-O {[%emt 0:00:03]} Bc6 {[%emt 0:00:58]} 16. Nac3 {[%emt 0:02:44]} a6 {[%emt 0:00:57]} 17. Nd6 {[%emt 0:03:18]} Bxd6 {[%emt 0:00:10]} 18. Rxd6 {[%emt 0:00:04]} Kc7 {[%emt 0:00:24]} 19. Rfd1 {[%emt 0:00:23]} Rhd8 {[%emt 0:00:27]} 20. f4 {[%emt 0:01:19]} Nb7 {[%emt 0:00:15]} 21. R6d4 {[%emt 0:00:44]} d6 {[%emt 0:00:16]} 22. Rb4 {[%emt 0:05:40]} b5 {[%emt 0:00:30]} 23. Rdb1 {[%emt 0:00:09]} dxe5 {[%emt 0:01:21]} 24. a4 {[%emt 0:00:14]} a5 {[%emt 0:00:16]} 25. Nxb5+ {[%emt 0:00:07]} Kd7 {[%emt 0:02:21]} 26. Rc4 {[%emt 0:00:15]} Rdc8 {[%emt 0:01:25]} 27. fxe5 {[%emt 0:00:53]} Bd5 {[%emt 0:00:22]} 28. Rf4 {[%emt 0:00:01]} Ke7 {[%emt 0:00:20]} 29. c4 {[%emt 0:00:02]} Bc6 {[%emt 0:00:14]} 30. Nd4 {[%emt 0:00:09]} Ra7 {[%emt 0:02:05]} 31. Nxc6+ {[%emt 0:00:45]} Rxc6 {[%emt 0:00:01]} 32. Rbf1 {[%emt 0:00:01]} Nd8 {[%emt 0:00:04]} 33. Rb1 {[%emt 0:00:25]} Rb7 {[%emt 0:00:43]} 34. Rb5 {[%emt 0:00:07]} Rxb5 {[%emt 0:00:09]} 35. axb5 {[%emt 0:00:06]} Rc5 {[%emt 0:00:01]} 36. Re4 {[%emt 0:00:04]} Nb7 {[%emt 0:00:23]} 37. Kf2 {[%emt 0:00:26]} a4 {[%emt 0:00:35]} 38. Ke1 {[%emt 0:00:01]} Rc8 {[%emt 0:00:11]} 39. Re3 {[%emt 0:00:03]} Nc5 {[%emt 0:00:04]} 40. Kd2 {[%emt 0:00:12]} Ra8 {[%emt 0:00:30]} 41. Bf3 {[%emt 0:00:01]} Rc8 {[%emt 0:00:10]} 42. Kc3 {[%emt 0:00:03]} f6 {[%emt 0:00:15]} 43. exf6+ gxf6 {[%emt 0:00:01]} 44. Kb4 {[%emt 0:00:02]} Nd7 {[%emt 0:00:16]} 45. Rc3 {[%emt 0:00:50]} Kd6 {[%emt 0:00:04]} 46. Rd3+ {[%emt 0:00:08]} Kc7 {[%emt 0:00:05]} 47. Bd1 {[%emt 0:00:09]} Ne5 {[%emt 0:00:13]} 48. Rc3 {[%emt 0:00:01]} Kd6 {[%emt 0:00:13]} 49. Bxa4 {[%emt 0:00:04]} Nd7 {[%emt 0:00:03]} 50. Bc2 {[%emt 0:00:02]} Nc5 {[%emt 0:00:04]} 51. Ra3 {[%emt 0:00:12]} e5 {[%emt 0:00:07]} 52. Bxh7 {[%emt 0:00:09]} Rh8 {[%emt 0:00:05]} 53. Rh3 {[%emt 0:00:09]} e4 {[%emt 0:00:03]} 54. b6 {[%emt 0:00:12]} e3 {[%emt 0:00:17]} 55. Kc3 {[%emt 0:00:36]} Re8 {[%emt 0:00:30]} 56. Bd3 {[%emt 0:00:21]} Nxd3 {[%emt 0:00:06]} 57. Kxd3 {[%emt 0:00:01]} e2 {[%emt 0:00:02]} 0-1

[Event "World Prestigious University 2019"]
[Site "Tianjin"]
[Date "2019.11.29"]
[Round "10.7"]
[White "Grigory, Oparin"]
[Black "Wang, Yue"]
[Result "1/2-1/2"]
[WhiteElo "2660"]
[BlackElo "2674"]
[PlyCount "170"]
[EventDate "2019.11.26"]
[EventType "team-tourn"]
[EventCountry "CHN"]
[TimeControl "1500+10"]
[WhiteClock "0:00:56"]
[BlackClock "0:00:46"]

1. Nf3 {[%emt 0:00:00]} d5 {[%emt 0:00:00]} 2. g3 {[%emt 0:00:00]} Nf6 {[%emt 0:00:09]} 3. Bg2 {[%emt 0:00:00]} e6 {[%emt 0:00:03]} 4. O-O {[%emt 0:00:00]} c5 {[%emt 0:01:30]} 5. d4 {[%emt 0:00:04]} Nc6 {[%emt 0:00:41]} 6. c4 {[%emt 0:00:03]} dxc4 {[%emt 0:00:13]} 7. Qa4 {[%emt 0:00:02]} Bd7 {[%emt 0:00:59]} 8. Qxc4 {[%emt 0:00:02]} cxd4 {[%emt 0:00:33]} 9. Nxd4 {[%emt 0:00:03]} Rc8 {[%emt 0:00:01]} 10. Nc3 {[%emt 0:00:45]} Nxd4 {[%emt 0:00:03]} 11. Qxd4 {[%emt 0:00:02]} Bc5 {[%emt 0:00:02]} 12. Qh4 {[%emt 0:00:11]} h6 {[%emt 0:00:16]} 13. Bxb7 {[%emt 0:01:52]} Rb8 {[%emt 0:00:01]} 14. Ne4 {[%emt 0:00:02]} Be7 {[%emt 0:03:24]} 15. Ba6 {[%emt 0:00:15]} Bc6 {[%emt 0:02:28]} 16. Nxf6+ {[%emt 0:01:00]} Bxf6 {[%emt 0:00:01]} 17. Qc4 {[%emt 0:00:09]} Qd5 {[%emt 0:02:04]} 18. Qxd5 {[%emt 0:00:08]} Bxd5 {[%emt 0:00:02]} 19. a4 {[%emt 0:02:41]} Bxb2 {[%emt 0:01:17]} 20. Rb1 {[%emt 0:09:21]} Be5 {[%emt 0:00:02]} 21. Rxb8+ {[%emt 0:00:21]} Bxb8 {[%emt 0:00:02]} 22. Ba3 {[%emt 0:01:18]} f6 {[%emt 0:00:02]} 23. f3 {[%emt 0:02:24]} Kf7 {[%emt 0:01:33]} 24. Bc5 {[%emt 0:01:56]} Bc6 {[%emt 0:01:47]} 25. Rb1 {[%emt 0:00:33]} Bxa4 {[%emt 0:04:03]} 26. Rb7+ {[%emt 0:00:02]} Kg6 {[%emt 0:00:01]} 27. Bd3+ {[%emt 0:00:24]} f5 {[%emt 0:00:01]} 28. Bd4 {[%emt 0:01:03]} Rg8 {[%emt 0:03:10]} 29. Bc4 {[%emt 0:00:15]} Bc6 {[%emt 0:00:18]} 30. Re7 {[%emt 0:00:08]} Bd5 {[%emt 0:00:03]} 31. Bxd5 {[%emt 0:00:10]} exd5 {[%emt 0:00:01]} 32. Rd7 {[%emt 0:01:07]} h5 {[%emt 0:00:03]} 33. Kg2 {[%emt 0:01:08]} a5 {[%emt 0:00:33]} 34. Rxd5 {[%emt 0:00:16]} Re8 {[%emt 0:00:35]} 35. Kf1 {[%emt 0:01:21]} Bc7 {[%emt 0:00:07]} 36. Bc3 {[%emt 0:01:08]} Rd8 {[%emt 0:01:46]} 37. Rc5 {[%emt 0:00:02]} Rd1+ {[%emt 0:00:01]} 38. Kg2 {[%emt 0:00:02]} Bd8 {[%emt 0:00:01]} 39. Bxa5 {[%emt 0:00:06]} Bxa5 {[%emt 0:00:31]} 40. Rxa5 {[%emt 0:00:01]} Kf6 {[%emt 0:00:01]} 41. Ra6+ {[%emt 0:00:17]} Kf7 {[%emt 0:00:01]} 42. h4 {[%emt 0:00:09]} Rb1 {[%emt 0:00:05]} 43. Kf2 {[%emt 0:00:02]} Rb3 {[%emt 0:00:02]} 44. Rd6 {[%emt 0:00:07]} g6 {[%emt 0:00:13]} 45. Rd3 {[%emt 0:00:02]} Rb4 {[%emt 0:00:28]} 46. Ke3 {[%emt 0:00:14]} Ke6 {[%emt 0:00:18]} 47. Rd4 {[%emt 0:00:06]} Rb2 {[%emt 0:00:03]} 48. Ra4 {[%emt 0:00:03]} Kf6 {[%emt 0:00:23]} 49. Ra6+ {[%emt 0:00:12]} Kf7 {[%emt 0:00:01]} 50. Ra7+ {[%emt 0:01:02]} Kf6 {[%emt 0:00:01]} 51. Ra6+ {[%emt 0:00:01]} Kf7 {[%emt 0:00:01]} 52. Rc6 {[%emt 0:00:01]} Ra2 {[%emt 0:00:10]} 53. Kd3 {[%emt 0:00:24]} Ra4 {[%emt 0:00:22]} 54. e4 {[%emt 0:00:29]} fxe4+ {[%emt 0:00:58]} 55. fxe4 {[%emt 0:00:01]} Ra1 {[%emt 0:00:07]} 56. Ke3 {[%emt 0:00:06]} Ra3+ {[%emt 0:00:51]} 57. Kf4 {[%emt 0:00:02]} Rb3 {[%emt 0:00:01]} 58. Ra6 {[%emt 0:00:11]} Rc3 {[%emt 0:00:02]} 59. Ra2 {[%emt 0:00:05]} Rb3 {[%emt 0:00:14]} 60. Rf2 {[%emt 0:00:15]} Kf6 {[%emt 0:00:07]} 61. Rf3 {[%emt 0:00:09]} Rb1 {[%emt 0:00:45]} 62. e5+ {[%emt 0:00:35]} Kg7 {[%emt 0:00:12]} 63. Re3 {[%emt 0:00:01]} Rf1+ {[%emt 0:01:21]} 64. Ke4 {[%emt 0:00:02]} Ra1 {[%emt 0:00:02]} 65. Rd3 {[%emt 0:00:32]} Kf7 {[%emt 0:00:18]} 66. Rd7+ {[%emt 0:00:04]} Ke6 {[%emt 0:00:02]} 67. Rd6+ {[%emt 0:00:10]} Kf7 {[%emt 0:00:00]} 68. Rd7+ {[%emt 0:00:17]} Ke6 {[%emt 0:00:01]} 69. Rd6+ {[%emt 0:00:01]} Kf7 {[%emt 0:00:01]} 70. Rf6+ {[%emt 0:00:01]} Kg7 {[%emt 0:00:00]} 71. Rc6 {[%emt 0:00:00]} Kf7 {[%emt 0:00:11]} 72. Rb6 {[%emt 0:00:22]} Ra2 {[%emt 0:00:37]} 73. Kf4 {[%emt 0:00:10]} Ra4+ {[%emt 0:00:09]} 74. Kg5 {[%emt 0:00:02]} Rg4+ {[%emt 0:00:18]} 75. Kh6 {[%emt 0:00:01]} Rxg3 {[%emt 0:00:01]} 76. Rf6+ {[%emt 0:00:01]} Ke7 {[%emt 0:00:06]} 77. Rxg6 {[%emt 0:00:02]} Re3 {[%emt 0:00:25]} 78. Rg5 {[%emt 0:00:18]} Re4 {[%emt 0:00:12]} 79. Rxh5 {[%emt 0:00:40]} Rg4 {[%emt 0:00:17]} 80. Kh7 {[%emt 0:00:08]} Kf7 {[%emt 0:00:03]} 81. Rf5+ {[%emt 0:00:23]} Ke6 {[%emt 0:00:02]} 82. Rg5 {[%emt 0:00:07]} Rxh4+ {[%emt 0:00:03]} 83. Kg7 {[%emt 0:00:02]} Re4 {[%emt 0:00:01]} 84. Kg6 {[%emt 0:00:01]} Rxe5 {[%emt 0:00:01]} 85. Rxe5+ {[%emt 0:00:01]} Kxe5 {[%emt 0:00:01]} 1/2-1/2

[Event "World Prestigious University 2019"]
[Site "Tianjin"]
[Date "2019.11.29"]
[Round "10.8"]
[White "Li, Yankai"]
[Black "Dmitry, Gordievskiy"]
[Result "1-0"]
[WhiteElo "2432"]
[BlackElo "2590"]
[PlyCount "103"]
[EventDate "2019.11.26"]
[EventType "team-tourn"]
[EventCountry "CHN"]
[TimeControl "1500+10"]
[WhiteClock "0:00:25"]
[BlackClock "0:04:25"]

1. e4 {[%emt 0:00:00]} c5 {[%emt 0:00:00]} 2. Nf3 {[%emt 0:00:00]} Nc6 {[%emt 0:00:00]} 3. d4 {[%emt 0:00:00]} cxd4 {[%emt 0:00:00]} 4. Nxd4 {[%emt 0:00:00]} Nf6 {[%emt 0:00:27]} 5. Nc3 {[%emt 0:00:00]} e5 {[%emt 0:00:01]} 6. Ndb5 {[%emt 0:00:00]} d6 {[%emt 0:00:01]} 7. Bg5 {[%emt 0:00:01]} a6 {[%emt 0:00:01]} 8. Na3 {[%emt 0:00:01]} b5 {[%emt 0:00:02]} 9. Nd5 {[%emt 0:00:01]} Be7 {[%emt 0:00:00]} 10. Bxf6 {[%emt 0:00:02]} Bxf6 {[%emt 0:00:01]} 11. c3 {[%emt 0:00:01]} O-O {[%emt 0:00:53]} 12. Nc2 {[%emt 0:00:02]} Bg5 {[%emt 0:00:07]} 13. a4 {[%emt 0:00:03]} bxa4 {[%emt 0:00:34]} 14. Rxa4 {[%emt 0:00:02]} a5 {[%emt 0:00:54]} 15. Bc4 {[%emt 0:00:01]} Rb8 {[%emt 0:00:16]} 16. b3 {[%emt 0:00:02]} Kh8 {[%emt 0:00:31]} 17. O-O {[%emt 0:00:02]} f5 {[%emt 0:00:46]} 18. exf5 {[%emt 0:00:02]} Bxf5 {[%emt 0:00:01]} 19. Nce3 {[%emt 0:00:01]} Be6 {[%emt 0:00:31]} 20. Qd3 {[%emt 0:03:15]} Qd7 {[%emt 0:00:22]} 21. Ra2 {[%emt 0:07:00]} Qf7 {[%emt 0:01:15]} 22. Qe4 {[%emt 0:01:08]} g6 {[%emt 0:04:30]} 23. h4 {[%emt 0:04:32]} Bh6 {[%emt 0:03:20]} 24. g4 {[%emt 0:01:27]} Qd7 {[%emt 0:01:48]} 25. g5 {[%emt 0:04:15]} Bg7 {[%emt 0:00:02]} 26. f3 {[%emt 0:00:39]} Bh3 {[%emt 0:03:55]} 27. Rff2 {[%emt 0:00:18]} Bf5 {[%emt 0:06:37]} 28. Nxf5 {[%emt 0:00:07]} gxf5 {[%emt 0:00:01]} 29. Qe3 {[%emt 0:00:12]} Qe8 {[%emt 0:00:13]} 30. h5 {[%emt 0:01:44]} Qxh5 {[%emt 0:00:09]} 31. Rh2 {[%emt 0:00:01]} Qg6 {[%emt 0:00:04]} 32. Rxh7+ {[%emt 0:00:10]} Qxh7 {[%emt 0:00:45]} 33. Rh2 {[%emt 0:00:01]} Qxh2+ {[%emt 0:00:56]} 34. Kxh2 Kh7 35. Nc7 {[%emt 0:01:00]} Kg6 {[%emt 0:00:21]} 36. Qd3 {[%emt 0:00:15]} Rh8+ {[%emt 0:00:56]} 37. Kg2 {[%emt 0:00:05]} Rbd8 {[%emt 0:00:38]} 38. Qd5 {[%emt 0:00:01]} Kxg5 {[%emt 0:00:07]} 39. Ne6+ {[%emt 0:00:01]} Kf6 {[%emt 0:00:12]} 40. Qxc6 {[%emt 0:00:38]} Rdg8 {[%emt 0:00:01]} 41. Nc5 {[%emt 0:00:47]} Rd8 {[%emt 0:00:10]} 42. Nb7 {[%emt 0:00:00]} Rc8 {[%emt 0:00:05]} 43. Qxd6+ {[%emt 0:00:09]} Kg5 {[%emt 0:00:01]} 44. Nc5 {[%emt 0:00:21]} Bf6 {[%emt 0:00:29]} 45. Nd7 {[%emt 0:00:05]} Bg7 {[%emt 0:00:15]} 46. Qe7+ {[%emt 0:00:02]} Kh6 {[%emt 0:00:03]} 47. Qh4+ {[%emt 0:00:12]} Kg6 {[%emt 0:00:03]} 48. Qg3+ {[%emt 0:00:02]} Kh6 {[%emt 0:00:17]} 49. Nxe5 {[%emt 0:00:03]} Bxe5 {[%emt 0:00:05]} 50. Qxe5 {[%emt 0:00:01]} Kg5 {[%emt 0:00:04]} 51. f4+ {[%emt 0:00:15]} Kh4 {[%emt 0:00:15]} 52. Qf6+ {[%emt 0:00:08]} 1-0

[Event "World Prestigious University 2019"]
[Site "Tianjin"]
[Date "2019.11.29"]
[Round "10.9"]
[White "Wang, Nancy"]
[Black "Xiao, Yiyi"]
[Result "0-1"]
[WhiteElo "1823"]
[BlackElo "2306"]
[PlyCount "112"]
[EventDate "2019.11.26"]
[EventType "team-tourn"]
[EventCountry "CHN"]
[TimeControl "1500+10"]
[WhiteClock "0:01:43"]
[BlackClock "0:01:03"]

1. e4 {[%emt 0:00:00]} e5 {[%emt 0:00:04]} 2. Nf3 {[%emt 0:00:00]} Nc6 {[%emt 0:00:01]} 3. d4 {[%emt 0:00:09]} exd4 {[%emt 0:00:17]} 4. Nxd4 {[%emt 0:00:03]} Bc5 {[%emt 0:00:15]} 5. Be3 {[%emt 0:00:06]} Qf6 {[%emt 0:00:16]} 6. c3 {[%emt 0:00:06]} Nge7 {[%emt 0:00:02]} 7. Bc4 {[%emt 0:00:16]} d6 {[%emt 0:06:42]} 8. O-O {[%emt 0:00:26]} Ne5 {[%emt 0:00:24]} 9. Be2 {[%emt 0:00:20]} Qg6 {[%emt 0:00:15]} 10. f3 {[%emt 0:01:14]} O-O {[%emt 0:01:30]} 11. Kh1 {[%emt 0:00:52]} Bb6 {[%emt 0:04:30]} 12. a4 {[%emt 0:00:40]} a5 {[%emt 0:01:27]} 13. Nd2 {[%emt 0:05:32]} d5 {[%emt 0:02:34]} 14. Bf4 {[%emt 0:02:28]} N5c6 {[%emt 0:01:59]} 15. Nb5 {[%emt 0:01:45]} dxe4 {[%emt 0:00:14]} 16. fxe4 {[%emt 0:05:40]} Bd7 {[%emt 0:03:16]} 17. Nxc7 {[%emt 0:00:40]} Bxc7 {[%emt 0:00:52]} 18. Bxc7 {[%emt 0:00:03]} f5 {[%emt 0:00:06]} 19. exf5 {[%emt 0:01:40]} Bxf5 {[%emt 0:00:14]} 20. Bh5 {[%emt 0:01:56]} Qg5 {[%emt 0:00:42]} 21. Bf4 {[%emt 0:00:43]} Qh4 {[%emt 0:00:01]} 22. Bg3 {[%emt 0:00:44]} Qg5 {[%emt 0:00:02]} 23. Bf4 {[%emt 0:00:05]} Qf6 {[%emt 0:00:01]} 24. Qb3+ {[%emt 0:01:22]} Kh8 {[%emt 0:00:07]} 25. Be2 {[%emt 0:01:21]} Rad8 {[%emt 0:00:15]} 26. Rad1 {[%emt 0:00:16]} Nd5 {[%emt 0:00:16]} 27. Qxb7 {[%emt 0:00:38]} Nxf4 {[%emt 0:01:05]} 28. Rxf4 {[%emt 0:00:02]} Qe5 {[%emt 0:00:16]} 29. Rf2 {[%emt 0:00:11]} Qc5 {[%emt 0:01:25]} 30. Rff1 {[%emt 0:00:25]} Rb8 {[%emt 0:00:29]} 31. Qa6 {[%emt 0:00:13]} Rxb2 {[%emt 0:00:08]} 32. Bf3 {[%emt 0:00:05]} Ne5 {[%emt 0:00:06]} 33. Qe2 {[%emt 0:00:11]} Bd3 {[%emt 0:00:03]} 34. Qf2 {[%emt 0:00:08]} Qxc3 {[%emt 0:00:08]} 35. Rfe1 {[%emt 0:00:09]} h6 {[%emt 0:00:13]} 36. Qe3 {[%emt 0:00:07]} Re8 {[%emt 0:00:21]} 37. Ne4 {[%emt 0:00:13]} Qb4 {[%emt 0:00:08]} 38. Rg1 {[%emt 0:00:18]} Bc2 {[%emt 0:00:06]} 39. Rde1 {[%emt 0:00:09]} Nf7 {[%emt 0:00:17]} 40. Qc1 {[%emt 0:00:11]} Bxa4 {[%emt 0:00:07]} 41. Bh5 {[%emt 0:00:11]} Rxe4 {[%emt 0:00:17]} 42. Rxe4 {[%emt 0:00:04]} Qxe4 {[%emt 0:00:01]} 43. Qxb2 {[%emt 0:00:02]} Ne5 {[%emt 0:00:08]} 44. Qf2 {[%emt 0:00:25]} Bc6 {[%emt 0:00:04]} 45. h3 {[%emt 0:00:04]} Nd3 {[%emt 0:00:10]} 46. Qg3 {[%emt 0:00:04]} Qd4 {[%emt 0:00:13]} 47. Bg6 {[%emt 0:00:08]} Nf4 {[%emt 0:00:05]} 48. Bc2 {[%emt 0:00:13]} Qxg1+ {[%emt 0:00:05]} 49. Kxg1 {[%emt 0:00:04]} Ne2+ {[%emt 0:00:00]} 50. Kf2 {[%emt 0:00:02]} Nxg3 {[%emt 0:00:01]} 51. Kxg3 {[%emt 0:00:01]} Kg8 {[%emt 0:00:03]} 52. Kf2 {[%emt 0:00:10]} Kf7 {[%emt 0:00:01]} 53. g3 {[%emt 0:00:05]} Ke6 {[%emt 0:00:02]} 54. Ke3 {[%emt 0:00:01]} Ke5 {[%emt 0:00:01]} 55. Bb3 {[%emt 0:00:14]} a4 {[%emt 0:00:03]} 56. Bf7 {[%emt 0:00:02]} Bd5 {[%emt 0:00:09]} 0-1

[Event "World Prestigious University 2019"]
[Site "Tianjin"]
[Date "2019.11.29"]
[Round "10.10"]
[White "Fernandez, Daniel Howard"]
[Black "Green, Michael L"]
[Result "0-1"]
[WhiteElo "2444"]
[BlackElo "2073"]
[PlyCount "124"]
[EventDate "2019.11.26"]
[EventType "team-tourn"]
[EventCountry "CHN"]
[TimeControl "1500+10"]
[WhiteClock "0:00:45"]
[BlackClock "0:01:08"]

1. e4 {[%emt 0:00:00]} c5 {[%emt 0:00:00]} 2. Nf3 {[%emt 0:00:00]} Nc6 {[%emt 0:00:00]} 3. Bb5 {[%emt 0:00:00]} Nf6 {[%emt 0:00:02]} 4. e5 {[%emt 0:01:56]} Nd5 {[%emt 0:00:01]} 5. O-O {[%emt 0:00:13]} Nc7 {[%emt 0:00:02]} 6. Bxc6 {[%emt 0:00:39]} dxc6 {[%emt 0:00:04]} 7. Re1 {[%emt 0:00:34]} Bg4 {[%emt 0:00:29]} 8. h3 {[%emt 0:00:10]} Bh5 {[%emt 0:00:04]} 9. d3 {[%emt 0:00:28]} e6 {[%emt 0:00:26]} 10. Nbd2 {[%emt 0:01:14]} Qd5 {[%emt 0:01:36]} 11. Qe2 {[%emt 0:01:53]} Be7 {[%emt 0:01:20]} 12. g4 {[%emt 0:05:57]} Bg6 {[%emt 0:00:10]} 13. Nc4 {[%emt 0:00:02]} h5 {[%emt 0:01:42]} 14. Ne3 {[%emt 0:01:55]} Qd7 {[%emt 0:01:50]} 15. g5 {[%emt 0:00:51]} h4 {[%emt 0:00:02]} 16. Bd2 {[%emt 0:00:25]} O-O-O {[%emt 0:01:19]} 17. a3 {[%emt 0:02:19]} f6 {[%emt 0:03:49]} 18. Ng2 {[%emt 0:00:49]} Bf5 {[%emt 0:01:13]} 19. Kh2 {[%emt 0:01:07]} fxg5 {[%emt 0:00:34]} 20. Bxg5 {[%emt 0:00:44]} Bxg5 {[%emt 0:00:28]} 21. Nxg5 {[%emt 0:00:01]} Qe7 {[%emt 0:01:04]} 22. Ne4 {[%emt 0:00:34]} g5 {[%emt 0:07:08]} 23. Nd6+ {[%emt 0:01:08]} Kb8 {[%emt 0:00:03]} 24. Ne3 {[%emt 0:00:52]} Rdf8 {[%emt 0:00:48]} 25. b4 {[%emt 0:02:19]} cxb4 {[%emt 0:00:47]} 26. axb4 {[%emt 0:00:03]} Nd5 {[%emt 0:00:04]} 27. Nxd5 {[%emt 0:00:22]} exd5 {[%emt 0:00:38]} 28. f3 {[%emt 0:00:30]} Qe6 {[%emt 0:00:30]} 29. Qg2 {[%emt 0:00:24]} Rhg8 {[%emt 0:01:04]} 30. b5 {[%emt 0:00:37]} c5 {[%emt 0:00:16]} 31. b6 {[%emt 0:00:14]} a6 {[%emt 0:00:25]} 32. Re3 {[%emt 0:00:46]} Rg7 {[%emt 0:01:25]} 33. Nxf5 {[%emt 0:00:20]} Qxf5 {[%emt 0:00:08]} 34. Qg4 {[%emt 0:00:03]} Qxg4 {[%emt 0:00:34]} 35. hxg4 {[%emt 0:00:02]} Rf4 {[%emt 0:00:01]} 36. e6 {[%emt 0:00:16]} Re7 {[%emt 0:00:01]} 37. Ra5 {[%emt 0:00:25]} Rb4 {[%emt 0:00:26]} 38. Rxc5 {[%emt 0:00:10]} d4 {[%emt 0:00:11]} 39. Ree5 {[%emt 0:00:24]} Rxb6 {[%emt 0:00:03]} 40. Rxg5 {[%emt 0:00:20]} Rbxe6 {[%emt 0:00:02]} 41. Kh3 {[%emt 0:00:18]} Re3 {[%emt 0:00:18]} 42. Rgf5 {[%emt 0:00:05]} Rh7 {[%emt 0:00:10]} 43. Rcd5 {[%emt 0:00:11]} Re2 {[%emt 0:00:15]} 44. Rxd4 {[%emt 0:00:07]} Rxc2 {[%emt 0:00:02]} 45. Rh5 {[%emt 0:00:07]} Rf7 {[%emt 0:00:18]} 46. f4 {[%emt 0:00:15]} Rg7 {[%emt 0:00:06]} 47. Kxh4 {[%emt 0:00:16]} Rh2+ {[%emt 0:00:03]} 48. Kg3 {[%emt 0:00:01]} Rxh5 {[%emt 0:00:02]} 49. g5 {[%emt 0:00:20]} Rh1 {[%emt 0:00:21]} 50. Kg4 {[%emt 0:00:07]} Kc7 {[%emt 0:00:27]} 51. Kf5 {[%emt 0:00:05]} Rd7 {[%emt 0:00:13]} 52. Rc4+ {[%emt 0:00:12]} Kd8 {[%emt 0:00:03]} 53. Kf6 {[%emt 0:00:10]} Rxd3 {[%emt 0:00:25]} 54. g6 {[%emt 0:00:01]} Rg1 {[%emt 0:00:06]} 55. Kf7 {[%emt 0:00:05]} Rd7+ {[%emt 0:00:08]} 56. Kf6 {[%emt 0:00:08]} Rd6+ {[%emt 0:00:04]} 57. Ke5 {[%emt 0:00:10]} Rdxg6 {[%emt 0:00:10]} 58. f5 {[%emt 0:00:02]} Re1+ {[%emt 0:00:08]} 59. Kf4 {[%emt 0:00:10]} Rc6 {[%emt 0:00:02]} 60. Rd4+ {[%emt 0:00:05]} Ke7 {[%emt 0:00:05]} 61. Kg5 {[%emt 0:00:07]} Rg1+ {[%emt 0:00:12]} 62. Kf4 {[%emt 0:00:04]} Kf6 {[%emt 0:00:08]} 0-1

[Event "World Prestigious University 2019"]
[Site "Tianjin"]
[Date "2019.11.29"]
[Round "10.11"]
[White "Zhong, Wei"]
[Black "Behar, Joshua"]
[Result "0-1"]
[WhiteElo "1804"]
[BlackElo "1974"]
[PlyCount "94"]
[EventDate "2019.11.26"]
[EventType "team-tourn"]
[EventCountry "CHN"]
[TimeControl "1500+10"]
[WhiteClock "0:01:23"]
[BlackClock "0:00:40"]

1. e4 {[%emt 0:00:00]} e6 {[%emt 0:00:00]} 2. d4 {[%emt 0:00:02]} d5 {[%emt 0:00:00]} 3. exd5 {[%emt 0:00:22]} exd5 {[%emt 0:00:00]} 4. Bd3 {[%emt 0:00:02]} Nf6 {[%emt 0:00:00]} 5. Nf3 {[%emt 0:00:27]} Bd6 {[%emt 0:00:01]} 6. Qe2+ {[%emt 0:00:20]} Be6 {[%emt 0:00:02]} 7. O-O {[%emt 0:01:00]} O-O {[%emt 0:00:08]} 8. Bg5 {[%emt 0:01:07]} h6 {[%emt 0:00:09]} 9. Bh4 {[%emt 0:00:40]} Re8 {[%emt 0:00:11]} 10. Ne5 {[%emt 0:01:44]} c5 {[%emt 0:00:28]} 11. c3 {[%emt 0:01:32]} Nc6 {[%emt 0:02:45]} 12. Nxc6 {[%emt 0:04:14]} bxc6 {[%emt 0:00:00]} 13. Qd1 {[%emt 0:01:34]} Rb8 {[%emt 0:00:00]} 14. dxc5 {[%emt 0:01:32]} Bxc5 {[%emt 0:00:00]} 15. b3 {[%emt 0:00:23]} Bd6 {[%emt 0:01:44]} 16. Kh1 {[%emt 0:01:26]} Bd7 {[%emt 0:00:45]} 17. Nd2 {[%emt 0:01:30]} c5 {[%emt 0:00:53]} 18. c4 {[%emt 0:00:37]} d4 {[%emt 0:00:54]} 19. f3 {[%emt 0:03:10]} g5 {[%emt 0:01:24]} 20. Bf2 {[%emt 0:00:25]} Qc7 {[%emt 0:00:22]} 21. Bg1 {[%emt 0:00:45]} Bc6 {[%emt 0:00:12]} 22. Qc2 {[%emt 0:00:42]} Re7 {[%emt 0:00:45]} 23. Rae1 {[%emt 0:00:41]} Rbe8 {[%emt 0:00:07]} 24. Rxe7 {[%emt 0:00:58]} Qxe7 {[%emt 0:04:53]} 25. Bf5 {[%emt 0:00:51]} Bf4 {[%emt 0:02:26]} 26. g3 {[%emt 0:01:03]} Bxd2 {[%emt 0:03:04]} 27. Qxd2 {[%emt 0:00:02]} Qe2 {[%emt 0:00:02]} 28. Qd3 {[%emt 0:00:56]} g4 {[%emt 0:00:24]} 29. Qxe2 {[%emt 0:01:23]} Rxe2 {[%emt 0:00:07]} 30. Bf2 {[%emt 0:00:04]} Bxf3+ {[%emt 0:00:22]} 31. Kg1 {[%emt 0:00:02]} Rxa2 {[%emt 0:01:14]} 32. h3 {[%emt 0:00:17]} h5 {[%emt 0:00:28]} 33. hxg4 {[%emt 0:00:04]} hxg4 {[%emt 0:00:01]} 34. b4 {[%emt 0:00:12]} cxb4 {[%emt 0:00:55]} 35. c5 {[%emt 0:00:03]} Nd5 {[%emt 0:00:53]} 36. Re1 {[%emt 0:00:28]} Rd2 {[%emt 0:00:47]} 37. Kf1 {[%emt 0:00:13]} a5 {[%emt 0:00:40]} 38. c6 {[%emt 0:00:11]} Kf8 {[%emt 0:01:40]} 39. Rc1 {[%emt 0:00:15]} Nc7 {[%emt 0:00:15]} 40. Ra1 {[%emt 0:00:04]} Ke7 {[%emt 0:01:31]} 41. Be1 {[%emt 0:00:12]} Rb2 {[%emt 0:00:21]} 42. Rxa5 {[%emt 0:00:07]} Kd6 {[%emt 0:00:03]} 43. Ra4 {[%emt 0:00:09]} Nd5 {[%emt 0:00:02]} 44. c7 {[%emt 0:00:17]} Ne3+ {[%emt 0:00:11]} 45. Kg1 {[%emt 0:00:01]} Rg2+ {[%emt 0:00:09]} 46. Kh1 {[%emt 0:00:01]} Rxg3+ {[%emt 0:00:06]} 47. Kh2 {[%emt 0:00:02]} Nf1# {[%emt 0:00:03]} 0-1